| 000 | 00448nam a2200193Ia 4500 | ||
|---|---|---|---|
| 005 | 20250603145605.0 | ||
| 008 | 250603s9999 xx 000 0 und d | ||
| 020 | _a97800705-83559 | ||
| 050 | _aTS 155 .K86/ | ||
| 100 | _aChary, S.N. | ||
| 245 | 0 | _aProduction and operation management | |
| 250 | _a2nd ed. | ||
| 260 | _aNew Delhi | ||
| 260 | _bTata McGraw-Hill | ||
| 260 | _c2004 | ||
| 300 | _a271 p | ||
| 650 | _aNew Delhi | ||
| 942 | _cBK | ||
| 999 |
_c42291 _d42291 |
||